[Event "Ottawa op"]
[Site "Ottawa"]
[Date "1972.01.29"]
[Round "2.15"]
[White "Hara, Dan"]
[Black "Kimmerly, Ian"]
[Result "1-0"]
[WhiteElo "1508"]
[BlackElo "1481"]
[PlyCount "81"]
[EventDate "1972.01.29"]
[EventType "swiss"]
[EventRounds "5"]
[EventCountry "CAN"]
[SourceTitle "EXT 2022"]
[Source "ChessBase"]
[SourceDate "2021.10.06"]
[SourceVersion "1"]
[SourceVersionDate "2021.10.06"]
[SourceQuality "1"]

1. e4 c5 2. Nf3 Nc6 3. d4 d6 4. d5 Ne5 5. Nxe5 dxe5 6. Bb5+ Bd7 7. Bxd7+ Qxd7 8. Nc3 Nf6 9. 0-0 e6 10. dxe6 Qxe6 11. Bg5 Be7 12. Qd2 Rd8 13. Qe2 a6 14. Bxf6 Qxf6 15. Nd5 Qd6 16. Rad1 0-0 17. g3 Bg5 18. Qg4 Qg6 19. c4 h5 20. Qf5 Qxf5 21. exf5 Rd6 22. Rfe1 f6 23. Ne7+ Kf7 24. Rxd6 Kxe7 25. Red1 Rb8 26. Rd7+ Kf8 27. Rd8+ Rxd8 28. Rxd8+ Ke7 29. Rb8 b5 30. cxb5 axb5 31. Rxb5 Kd6 32. a4 Kc6 33. b3 Bd2 34. f3 Kd5 35. Kf2 Kc6 36. Ke2 Bc3 37. Kd3 Bb4 38. Kc4 Ba3 39. a5 Bb4 40. a6 Ba5 41. a7 1-0